| 000 | 00579nam a22001577a 4500 | ||
|---|---|---|---|
| 003 | macl | ||
| 005 | 20191130130346.0 | ||
| 008 | 191130b xxu||||| |||| 00| 0 eng d | ||
| 040 | _cmacl | ||
| 082 | _a150 | ||
| 100 |
_aअराेरा , सुरभि _977378 |
||
| 245 | _aमन का सामर्थ्य मनोविज्ञान क्षेत्र एंव पद्धतियॉ | ||
| 260 |
_aदिल्ली _bसंभव पब्लिकेशन्स _c2018 |
||
| 650 |
_aमनोविज्ञान _977379 |
||
| 942 |
_2ddc _cHIN |
||
| 999 |
_c61467 _d61467 |
||